Normal view
MARC view
Entry Nome pessoal
001 - NÚMERO DE CONTROLE
- campo de controle: 508
003 - IDENTIFICADOR DO NÚMERO DE CONTROLE
- campo de controle: Br
005 - DATA E HORÁRIO DA ÚLTIMA TRANSAÇÃO
- campo de controle: 20250314114912.0
008 - CAMPO DE DADOS FIXOS
- campo de controle de tamanho fixo: 981006|| acnnnaab| aaaa d
035 ## - NÚMERO DE CONTROLE DO SISTEMA
- Número de Controle do Sistema: 98100615322309106
040 ## - FONTE DA CATALOGAÇÃO
- Instituição da catalogação original: Br
- Instituição que transcreveu o registro: Br
100 10 - CABEÇALHO--NOME PESSOAL
- Nome pessoal: Hemingway, Ernest,
- Datas associadas ao nome: 1899-1961.
400 1# - REMISSIVA VER--NOME PESSOAL
- Nome pessoal: Hemingway, E.
- Datas associadas ao nome: 1899-1961
- Forma completa do nome: (Ernest)
400 1# - REMISSIVA VER--NOME PESSOAL
- Nome pessoal: Hemingway, Ernest Miller
- Datas associadas ao nome: 1899-1961
670 ## - FONTE POSITIVA DOS DADOS
- Citação da fonte positiva dos dados: Autor de: O velho e o mar. 1992.
670 ## - FONTE POSITIVA DOS DADOS
- Citação da fonte positiva dos dados: Bristol, Brian. Por que amamos ler?... 2008
- Dados encontrados na fonte localizada no subcampo: (p.98: D.; romancista americano)
670 ## - FONTE POSITIVA DOS DADOS
- Citação da fonte positiva dos dados: http://authorities.loc.gov 17/11/09
- Dados encontrados na fonte localizada no subcampo: (D., rem.)
670 ## - FONTE POSITIVA DOS DADOS
- Citação da fonte positiva dos dados: http://en.wikipedia.org/wiki/Ernest_Hemingway
- Dados encontrados na fonte localizada no subcampo: (Ernest Miller Hemingway nasceu em Oak Park, em 21 de julho 1899 e faleceu em Ketchum, em 2 de julho 1961. Foi um escritor norte-americano)
670 ## - FONTE POSITIVA DOS DADOS
- Citação da fonte positiva dos dados: http://nobelprize.org/nobel_prizes/literature/laureates/1954/hemingway-bio.html